000 00622nam a2200265Ia 4500
005 20260121125622.0
008 008 260114s9999 xx 000 0 eng d
020 _a9781685859299
037 _aEBOOK
040 _aCRL
040 _beng
040 _cCRL
041 _2eng
041 _aeng
084 _qCRL
100 _aRothchild, Donald
_9996032
245 0 _aGhana
260 _bWalter de Gruyter
260 _bWalter de Gruyter
650 _aPolitical Science
_9996033
856 _uhttp://www.degruyter.com/isbn/9781685859299
942 _cEBOOK
999 _c1563270
_d1563270